| 000 | 00668nam a22002655b 4500 | ||
|---|---|---|---|
| 001 | 000396367 | ||
| 003 | DO-SdBNP | ||
| 005 | 20180202135847.0 | ||
| 007 | 000396367 | ||
| 008 | 940308s19uu sp| |||| ||spa | ||
| 016 | 7 |
_a _2BPMSU |
|
| 035 | _a | ||
| 040 |
_aBPMSU _bspa _cBPMSU _e |
||
| 080 | 0 | _a | |
| 100 | 1 | _a Pia Giudici, María | |
| 245 | 1 | 0 |
_aMadre y maestra / _cPia Giudici, María _h _b |
| 260 |
_a Barcelona: _bLibreria Salesiana _c[190?] |
||
| 300 |
_a205 p.: _c20 cm. _b |
||
| 490 |
_a _v |
||
| 504 | _a | ||
| 830 |
_a _v |
||
| 942 |
_2ddc _cBK |
||
| 945 | _aInventariado, 2018 /LP | ||
| 956 |
_a VMATEO _210 _320160328 _6BPMSU _80069 |
||
| 999 |
_c9407 _d9407 |
||